All Golf Blitz Powerups - Statistics

General Stats
  • This quiz has been taken 26 times
    13 since last reset
  • The average score is 12 of 23
Answer Stats
Answer % Correct
Sniper Ball
91%
Speed Ball
82%
Ghost Ball
73%
Grenade Ball
73%
Laser Ball
73%
Sticky Ball
73%
Super Ball
73%
Anti Grav Ball
55%
Boomerang Ball
55%
Super Speed Ball
55%
Dart Ball
45%
Heavy Ball
45%
Rubber Ball
45%
Spider Ball
45%
Repel Ball
36%
Saw Ball
36%
Space Ball
36%
Tunnel Ball
36%
Vampire Ball
36%
Shield Ball
27%
Wormhole Ball
27%
Blizzard Ball
18%
Edgecutter Ball
18%
No matching quizzes found
Score Distribution
Percent of People with Each Score
Percentile by Number Answered
Your Score History
You have not taken this quiz since the last reset